<?xml version="1.0" encoding="UTF-8"?><?xml-stylesheet type="text/xsl" href="static/style.xsl"?><OAI-PMH xmlns="http://www.openarchives.org/OAI/2.0/" xmlns:xsi="http://www.w3.org/2001/XMLSchema-instance" xsi:schemaLocation="http://www.openarchives.org/OAI/2.0/ http://www.openarchives.org/OAI/2.0/OAI-PMH.xsd"><responseDate>2026-06-02T12:29:58Z</responseDate><request verb="GetRecord" identifier="oai:riuma.uma.es:10630/14580" metadataPrefix="marc">https://riuma.uma.es/rest/oai/request</request><GetRecord><record><header><identifier>oai:riuma.uma.es:10630/14580</identifier><datestamp>2026-02-03T11:56:06Z</datestamp><setSpec>com_10630_2254</setSpec><setSpec>col_10630_37959</setSpec></header><metadata><record xmlns="http://www.loc.gov/MARC21/slim" xmlns:dcterms="http://purl.org/dc/terms/" xmlns:doc="http://www.lyncode.com/xoai" xmlns:xsi="http://www.w3.org/2001/XMLSchema-instance" xsi:schemaLocation="http://www.loc.gov/MARC21/slim http://www.loc.gov/standards/marcxml/schema/MARC21slim.xsd">
   <leader>00925njm 22002777a 4500</leader>
   <datafield ind2=" " ind1=" " tag="042">
      <subfield code="a">dc</subfield>
   </datafield>
   <datafield ind2=" " ind1=" " tag="720">
      <subfield code="a">Fernández-Arjona, María del Mar</subfield>
      <subfield code="e">author</subfield>
   </datafield>
   <datafield ind2=" " ind1=" " tag="720">
      <subfield code="a">Mateos-Grondona, Jesús</subfield>
      <subfield code="e">author</subfield>
   </datafield>
   <datafield ind2=" " ind1=" " tag="720">
      <subfield code="a">Fernández-Llebrez, Pedro</subfield>
      <subfield code="e">author</subfield>
   </datafield>
   <datafield ind2=" " ind1=" " tag="720">
      <subfield code="a">López-Ávalos, María  Dolores</subfield>
      <subfield code="e">author</subfield>
   </datafield>
   <datafield ind2=" " ind1=" " tag="260">
      <subfield code="c">2017-10-04</subfield>
   </datafield>
   <datafield ind2=" " ind1=" " tag="520">
      <subfield code="a">It is well known that microglial cells undergo an important change in morphology upon activation, so that form and function are intimately related. Upon activation, microglia cell body enlarges, its ramifications shortens and become thicker. In parallel, a variety of cytokines and inflammatory mediators such as IL1β are released. However the activation process is not all-or-nothing. Rather, cells in subtle activation states or in a deactivation process can occur, so intermediate not obvious phenotypes may appear.&#xd;
Thus, we aimed to correlate the expression level of a well-defined marker of activation, IL1β, with different morphological parameters. To do so, we used an intracerebroventricular injection of neuraminidase to produce an acute inflammation in rats. Brain sections were double-stained with IBA1 to have an image of the whole cell and its ramifications, and with IL1β to assess the level of activation. Images were captured from septofimbria (close to the injection site) and from the hypothalamus. A ratio of IL1β-positive pixels to IBA1-positive pixels was used to estimate the level of IL1β expression for each cell. Single microglial cell images were processed with ImageJ software to obtain outlined and filled shapes, which were used to obtain (by means of FracLac plug in) the following morphological parameters: fractal dimension, lacunarity, area, density and perimeter.&#xd;
All parameters showed a significant correlation with the level of expression of IL1β. This occurred in cells sampled from the two brain areas studied. Density, lacunarity and perimeter resulted as the best predictor parameters of activation, that is, those with a better correlation with the level of expression of IL1β. Area, an extensively used parameter to assess microglial activation, presented the least significant correlation.&#xd;
Thus, objectively measured morphological parameters correlate with the level of expression of IL1β, and could therefore be used as predictors of the activation level of microglial cells.</subfield>
   </datafield>
   <datafield ind1="8" ind2=" " tag="024">
      <subfield code="a">http://hdl.handle.net/10630/14580</subfield>
   </datafield>
   <datafield ind1="8" ind2=" " tag="024">
      <subfield code="a">http://orcid.org/0000-0002-9022-2381</subfield>
   </datafield>
   <datafield tag="653" ind2=" " ind1=" ">
      <subfield code="a">Neurofisiología</subfield>
   </datafield>
   <datafield ind2="0" ind1="0" tag="245">
      <subfield code="a">Correlation between IL1β expression level and morphological parameters proves the usefulness of morphology measures to predict the degree of activation of microglial cells</subfield>
   </datafield>
</record>
</metadata></record></GetRecord></OAI-PMH>